000 00220nam a22000857a 4500
008 170608b xxu||||| |||| 00| 0 eng d
100 _93343
_aPrakash. V
245 _aThank you
260 _aNew Delhi
_bDreamland Publication
_c2004
999 _c6664
_d6664